01242cam a2200313 a 450000500170000000800410001702000150005804000230007304100130009604400070010908200190011610000210013524502340015626000470039030000520043750000220048953400490051165000340056065000270059465000260062165000270064765000270067465000370070165000570073870000180079570000370081370000400085070000380089020200104041600.0990326s1999    sp a    r     00110dspa d  a8471147904  ala cladCO-BoIAVH1 aspaheng  asp04a658.4083bF99e1 aFussler, Claude.10aEco-innovación : bintegrando el medio ambiente en la empresa del futuro / cClaude Fussler, Peter James ; versión española A. Cadenas Marín, P. del Río Gonzalez y C. Cantero Talavera ; prólogo D. Jiménez Beltrán.  aMadrid : bEdiciones Mundi-Prensa, c1999.  a381 páginas : bilustraciones ; c24 x 17 cm.  aIncluye índice.  pTítulo original. tDriving eco-innovation.  aAdministración de empresas. 6aLiderazgo empresarial. 6aExito administrativo. 6aCambio organizacional. 6aDesarrollo sostenible.  aProtección del medio ambiente.  aAdministración de empresasx Aspectos ambientales.1 aJames, Peter.1 aCadenas Marín, A., etraductor1 aRio Gonzáles, P. del, etraductor1 aCantero Talavera, C., etraductor